<?xml version="1.0" encoding="UTF-8"?>
<record
    xmlns:xsi="http://www.w3.org/2001/XMLSchema-instance"
    xsi:schemaLocation="http://www.loc.gov/MARC21/slim http://www.loc.gov/standards/marcxml/schema/MARC21slim.xsd"
    xmlns="http://www.loc.gov/MARC21/slim">

  <leader>00769nam a22002057a 4500</leader>
  <controlfield tag="005">20130514120354.0</controlfield>
  <datafield tag="010" ind1=" " ind2=" ">
    <subfield code="a">ENG-107098</subfield>
  </datafield>
  <datafield tag="020" ind1=" " ind2=" ">
    <subfield code="a">9789350700204</subfield>
    <subfield code="c">500.00</subfield>
  </datafield>
  <datafield tag="035" ind1=" " ind2=" ">
    <subfield code="a">EN-90631</subfield>
  </datafield>
  <datafield tag="037" ind1=" " ind2=" ">
    <subfield code="b">DBAD/PUB</subfield>
  </datafield>
  <datafield tag="082" ind1=" " ind2=" ">
    <subfield code="a">337.091724</subfield>
  </datafield>
  <datafield tag="245" ind1="1" ind2="0">
    <subfield code="a">Trade and environment policies and perspectives for less developed countries :</subfield>
    <subfield code="c">edited by Sarita Agrawal [and] Sarah Ahmed</subfield>
    <subfield code="b">papers presented at the UGC sponsored national seminar held during March 16-17, 2001 /</subfield>
  </datafield>
  <datafield tag="260" ind1=" " ind2=" ">
    <subfield code="a">Haryana</subfield>
    <subfield code="b">Shanti Prakashan</subfield>
    <subfield code="c">2012</subfield>
  </datafield>
  <datafield tag="270" ind1=" " ind2=" ">
    <subfield code="a">1780, Sector-1, Delhi By-pass</subfield>
    <subfield code="b">Rohtak</subfield>
    <subfield code="e">124001</subfield>
  </datafield>
  <datafield tag="300" ind1=" " ind2=" ">
    <subfield code="a">206p.</subfield>
    <subfield code="c">22cm(Hb)</subfield>
  </datafield>
  <datafield tag="500" ind1=" " ind2=" ">
    <subfield code="a">Includes bibliographical references</subfield>
  </datafield>
  <datafield tag="700" ind1=" " ind2=" ">
    <subfield code="a">Agrawal, Sarita</subfield>
  </datafield>
  <datafield tag="700" ind1=" " ind2=" ">
    <subfield code="a">Sarah Ahmed</subfield>
  </datafield>
  <datafield tag="942" ind1=" " ind2=" ">
    <subfield code="2">ddc</subfield>
    <subfield code="c">EN</subfield>
    <subfield code="m">TRA</subfield>
    <subfield code="h">337.091724</subfield>
  </datafield>
  <datafield tag="999" ind1=" " ind2=" ">
    <subfield code="c">75425</subfield>
    <subfield code="d">75425</subfield>
  </datafield>
  <datafield tag="952" ind1=" " ind2=" ">
    <subfield code="0">0</subfield>
    <subfield code="1">0</subfield>
    <subfield code="4">0</subfield>
    <subfield code="7">1</subfield>
    <subfield code="8">NFIC</subfield>
    <subfield code="a">DBAD</subfield>
    <subfield code="b">DBAD</subfield>
    <subfield code="d">2013-05-10</subfield>
    <subfield code="e">DBAD/PUB</subfield>
    <subfield code="g">500.00</subfield>
    <subfield code="l">0</subfield>
    <subfield code="o">337.091724 TRA</subfield>
    <subfield code="p">EN-90631</subfield>
    <subfield code="r">2013-05-10 00:00:00</subfield>
    <subfield code="t">1</subfield>
    <subfield code="v">500.00</subfield>
    <subfield code="w">2013-05-10</subfield>
    <subfield code="y">EN</subfield>
  </datafield>
</record>
